Регионална библиотека "Любен Каравелов" - Русе

Елин Пелин (Запис номер 179259)

MARC детайли
000 -Лидер
Контролно поле с фиксирана дължина 01794nam a2200445 c 4500
003 - Код на организацията, давaща контролен номер
Контролно поле BLK
005 - Дата и час на последна редакция
Контролно поле 20240623004110.0
008 - Елементи от данни с фиксирана дължина
fixed length control field 180411b bul|||||r ||||||| ||bul||
010 ## - Наследен системен номер
LC control number KNG00188038000
020 ## - Международен стандартен номер на книга ISBN
Международен стандартен номер на книга ISBN 978-954-01-3151-1
-- издат.: Просвета
040 ## - Източник на каталожния запис
Идентификатор на билиотеката - собственик на записа BLK
041 ## - Код за език
Код за езика на текст/звукозапис или на отделно заглавие Български
Код за езика КДБФ Български
072 #7 - Код за тематичната категория
Код организация bullib
Код за тематична категория Н82
Текст Литературознание Н
080 ## - УДК
Текстов определител УДК Българска литература
УДК код - определител по УДК 821.163.2
УДК определител (092)
УДК - код + определител 821.163.2(092)
080 ## - УДК
Текстов определител УДК Българска литература
УДК код - определител по УДК 821.163.2
УДК определител .09
УДК - код + определител 821.163.2.09
080 ## - УДК
Текстов определител УДК Български писател
УДК код - определител по УДК 929 Елин Пелин
УДК определител
УДК - код + определител 929 Елин Пелин
100 1# - Редна дума - Автор
Автор Коларов, Радосвет Стефанов
Авторска отговорност първи автор
R(LIN) 363815
139 ## - Редно поле
Редна дума Коларов, Радосвет Стефанов
Авторски знак Елин Пелин - Е 53
245 10 - Сведения за заглавието
Заглавие Елин Пелин
Редно поле (дума) Радосвет Стефанов Коларов.
257 ## - Страна на издаване
Страна на създаване/издаване България
260 ## - Област на издателските данни
-- София
Име на издателя, разпространителя и проч. Просвета
Година на издаване 2016
Печатница София : Монт
300 ## - Физическа характеристика
Страници 200 с.
Размери/Мащаб 20 см
380 ## - Жанр
Жанр Литературознание
490 1# - СЕРИИ (Колекции)
Име на серия Нова българска критика
500 ## - Общи забележки
Забележка Биогр. данни за авт.
600 #0 - Име на лице, използвано като предмет
За него / За нея Елин Пелин
Пълна форма на името Стоянов, Димитър Иванов
9 (RLIN) 363511
650 #0 - Допълнително описание по предмет – тема
Основно описание – тема или топоним Писатели, български
9 (RLIN) 241944
650 #4 - Допълнително описание по предмет – тема
Основно описание – тема или топоним Българска литература
9 (RLIN) 243597
653 ## - Ключова дума – ненормативна
Ключова дума български писатели
653 ## - Ключова дума – ненормативна
Ключова дума литературна критика
653 ## - Ключова дума – ненормативна
Ключова дума българска литература
653 ## - Ключова дума – ненормативна
Ключова дума Елин Пелин
659 ## - Тематичен бюлетин
Тематичен бюлетин Н
852 ## - Местоположение
Форматна сигнатура Цб 280684
856 4# - Електронен адрес и достъп
Електронен формат pdf - файл
Път до файла /url/
856 4# - Електронен адрес и достъп
Електронен формат pdf - файл
Път до файла /url/
942 ## - АРТИКУЛИ
Вид на библиотечния материал Книги
Скрит в OPAC Не
944 ## - СЪЗДАВАНЕ И РЕДАКЦИЯ на ЗАПИСА
Създаване/Редакция Създаване
Дата на регистрацията/редакция 28.05.2016
Служител, извършил регистрацията/редакцията
Статус, дата на статуса CRON CRON
944 ## - СЪЗДАВАНЕ И РЕДАКЦИЯ на ЗАПИСА
Създаване/Редакция Редакция
Дата на регистрацията/редакция 17.12.2016
Служител, извършил регистрацията/редакцията Пенка_Димитрова
999 ## - СИСТЕМНИ КОНТРОЛНИ НОМЕРА
Koha biblionumber 179259
Koha biblioitemnumber 179259
Наличности
Код за отписване Код за изгубен артикул Източник на класификационната схема Код за повреда Коз за рестрикции Код за отдаване Артикулен № Име на библиотеката - собственик Име на библиотеката, в която се намира в момента Статус (Текущо местоположение) Дата на вписване в системата Местоположение - отдел Цена в лева Инвентарен номер Систематично азбучна сигнатура Баркод Номер на екземпляра Цена в евро Служебна бележка Служебен тип на артикула
  Не е изгубен Universal Decimal Classification Не е повреден без рестрикции заемане за дома 307464 Регионална библиотека "Любен Каравелов" Русе Регионална библиотека "Любен Каравелов" Русе Заемна - подръчен фонд 2016-05-30 Заемна - подръчен фонд 4.90 120000800393 П 821.163.2.09(092)/Е 53 120000800393 1 2.51 Дост: Pk Вид: Ф N: 16707 Дата: 27.05.2016 Дата инв: 07.02.2018 Бележки инв: П2018 Книги
  Не е изгубен Universal Decimal Classification Не е повреден без рестрикции заемане за дома 307465 Регионална библиотека "Любен Каравелов" Русе Регионална библиотека "Любен Каравелов" Русе Заемна - подръчен фонд 2016-05-30 Заемна - подръчен фонд 4.90 120000800394 П 821.163.2.09(092)/Е 53 120000800394 2 2.51 Дост: Pk Вид: Ф N: 16707 Дата: 27.05.2016 Дата инв: 07.02.2018 Бележки инв: П2018 Книги
  Не е изгубен   Не е повреден без рестрикции ползва се в читалня 307466 Регионална библиотека "Любен Каравелов" Русе Регионална библиотека "Любен Каравелов" Русе Хранилище 2016-12-17 Хранилище 7.00 120000806357 Цб 280684 120000806357 3 3.58 Дост: Dp Вид: Д N: 46 Дата: 21.10.2016 Книги
Vip Innovations Ltd, Rousse, Bulgaria 2025